000 00560nam a2200229Ia 4500
003 OSt
005 20220925210441.0
006 a|||||r|||| 00| 0
007 ta
008 220923b |||||||| |||| 00| 0 eng d
037 _cGeneral Book
040 _aRTL
_cRTL
_beng
041 _2eng
_aeng
082 _aE.2k, A.1
245 0 _aEast--India Gazetteer
260 _aIndia
_bGovt. Press
_c1984
490 _vVol.1
500 _a(Reprint, 1984)
650 _aGAZETTEER
942 _hE.2k, A.1
_cGB
_2CC
999 _c555102
_d555102